My Little Zoo : (Record no. 48020)
| 000 -LEADER | |
|---|---|
| fixed length control field | 00347nam a2200109 4500 |
| 020 ## - INTERNATIONAL STANDARD BOOK NUMBER | |
| International Standard Book Number | 9781786921963 |
| 100 ## - MAIN ENTRY--PERSONAL NAME | |
| Personal name | Vince, Sarah, |
| Relator term | author. |
| 9 (RLIN) | 85818 |
| 245 ## - TITLE STATEMENT | |
| Title | My Little Zoo : |
| Remainder of title | with touch and feel and lift the flap. |
| Statement of responsibility, etc | Illustrated by Sarah Vince. |
| 260 ## - PUBLICATION, DISTRIBUTION, ETC. (IMPRINT) | |
| Place of publication, distribution, etc | UK : |
| Name of publisher, distributor, etc | Make believe ideas ; |
| Date of publication, distribution, etc | 2017. |
| 300 ## - PHYSICAL DESCRIPTION | |
| Extent | 10 pages. |
| Dimensions | 21 X 21 cm. |
| 942 ## - ADDED ENTRY ELEMENTS (KOHA) | |
| Source of classification or shelving scheme | |
| Koha item type | Book |
| Withdrawn status | Lost status | Source of classification or shelving scheme | Damaged status | Not for loan | Home library | Current library | Date acquired | Total Checkouts | Full call number | Barcode | Date last seen | Date checked out | Price effective from | Koha item type |
|---|---|---|---|---|---|---|---|---|---|---|---|---|---|---|
| Logos International School | Logos International School | 12/02/2024 | 10 | BB VIN | 040209 | 03/12/2026 | 03/05/2026 | 12/02/2024 | Board Book |